Подробности
| 000 -МАРКЕР |
| контрольное поле |
02019nam2a22002531 4500 |
| 001 - ИДЕНТИФИКАТОР ЗАПИСИ |
| контрольное поле |
rc\469759 |
| 005 - ИДЕНТИФИКАТОР ВЕРСИИ |
| контрольное поле |
20250621165517.0 |
| 035 ## - ДРУГИЕ СИСТЕМНЫЕ НОМЕРА |
| Идентификатор записи |
(NLR Aleph) 005816733 |
| 100 ## - ДАННЫЕ ОБЩЕЙ ОБРАБОТКИ |
| Данные общей обработки |
20030616d1988 |||y0rusy50 ca |
| 101 0# - ЯЗЫК РЕСУРСА |
| Язык текста, звукозаписи и т.д. |
русский |
| 102 ## - СТРАНА ПУБЛИКАЦИИ ИЛИ ПРОИЗВОДСТВА |
| Страна публикации |
Российская Федерация |
| 105 ## - ПОЛЕ КОДИРОВАННЫХ ДАННЫХ: ТЕКСТОВЫЕ МАТЕРИАЛЫ, МОНОГРАФИЧЕСКИЕ |
| Кодированные данные о монографическом текстовом документе |
y ||||||||| |
| 200 0# - ЗАГЛАВИЕ И СВЕДЕНИЯ ОБ ОТВЕТСТВЕННОСТИ |
| Основное заглавие |
... на 1988 год. Ч. 1-2 |
| Первые сведения об ответственности |
[Сост.: А.А. Насекина, Г.В. Юрченкова |
| Последующие сведения об ответственности |
Отв. ред.: Г.В. Юрченкова] |
| 210 ## - ПУБЛИКАЦИЯ, РАСПРОСТРАНЕНИЕ И ДР. |
| Дата издания, распространения и т.д. |
1988 |
| Место издания, распространения и т.д. |
Б. м. |
| 215 ## - ФИЗИЧЕСКАЯ ХАРАКТЕРИСТИКА |
| Специфическое обозначение материала и объем |
218 с. |
| 300 ## - ОБЩИЕ ПРИМЕЧАНИЯ |
| Текст примечания |
Загл. вып.: Указатель иностранных периодических изданий, выписанных ИНИОН АН СССР и его отделами в институтах секции общественных наук АН СССР... |
| 461 #0 - УРОВЕНЬ НАБОРА |
| Встроенное поле |
001rc\469757 |
| -- |
2001#$a[Указатель иностранных периодических изданий, выписанных ИНИОН АН СССР и его отделениями...$fОтд. комплектования науч. фондов, Сектор комплектования иностр. лит.]$v... на 1988 год. Ч. 1-2 |
| Системный номер (АБИС) связанной записи |
5438156 |
| Автор |
Институт научной информации по общественным наукам (Москва) |
| Место публикации |
М. |
| Дата публикации |
1980- |
| Первые сведения об ответственности |
Отд. комплектования науч. фондов, Сектор комплектования иностр. лит.] |
| Имя издателя, распространителя и т.д. |
ИНИОН |
| Заглавие |
[Указатель иностранных периодических изданий, выписанных ИНИОН АН СССР и его отделениями... |
| Номер тома |
... на 1988 год. Ч. 1-2 |
| 517 0# - ДРУГИЕ ВАРИАНТЫ ЗАГЛАВИЯ |
| Вариант заглавия |
Указатель иностранных периодических изданий, выписанных ИНИОН АН СССР и его отделами в институтах секции общественных наук АН СССР на 1988 год |
| 801 #0 - ИСТОЧНИК ЗАПИСИ |
| Страна |
Российская Федерация |
| Организация |
NLR |
| Правила каталогизации |
psbo |
| 801 #1 - ИСТОЧНИК ЗАПИСИ |
| Страна |
Российская Федерация |
| Организация |
ELAR |
| Источник данных |
rusmarc |
| 852 ## - МЕСТОНАХОЖДЕНИЕ И ШИФР ХРАНЕНИЯ |
| Идентификатор организации |
NLR |
| Наименование фонда или коллекции (Sub-Location Identifier) |
С |
| Шифр хранения (Call Number) |
К-4/31 |
| 942 ## - ДОПОЛНИТЕЛЬНЫЕ ЭЛЕМЕНТЫ ЗАПИСИ (АБИС) |
| Тип экземпляра АБИС |
Книга |
| 980 ## - КОЛЛЕКЦИЯ |
| Название коллекции |
Национальная библиография |